Quiz les Plus populaires sur Jetpunk en France - Statistiques

Statistiques générales
  • Ce quiz a été pris 19 fois
  • Le résultat moyen est 2 sur 10
Statistiques - réponses
Tentatives Noms Quiz % Correct
8030 Pays du Monde
100%
2074 Pays d'Europe
47%
1853 Drapeaux du Monde
32%
3973 12 mois en 15 secondes
5%
4152 Acronymes et sigles divers
5%
3954 Clubs Vainqueurs de la Ligue des Champions
5%
3658 Test de Rapidité : Allez de 1 à 100
5%
6326 Films avec Jean Dujardin
0%
2283 Les joueurs de l'équipe type du PSG depuis 2011
0%
1972 Test de rapidité - Deux lettres
0%
Aucun quiz correspondant
Distribution des résultats
% des personnes avec chaque résultat
Percentile par nombre de réponses
Votre historique - résultats
Vous n’avez pas pris ce quiz